| 000 | 00569nam a2200229Ia 4500 | ||
|---|---|---|---|
| 003 | OSt | ||
| 005 | 20230327142131.0 | ||
| 008 | 210423s2008 xx 000 0 und d | ||
| 020 | _a9781403926630 | ||
| 040 | _cAL | ||
| 041 | _aeng | ||
| 082 | _a332.1 AROA | ||
| 100 |
_aARONDEKAR (A M);others _978413 |
||
| 245 | _aPrinciples of banking | ||
| 260 |
_aNew Delhi _bOxford University Press _c2008 |
||
| 300 |
_aix,526 _bPB |
||
| 365 |
_b265 _cINR |
||
| 650 |
_aBanking _978414 |
||
| 650 |
_aEconomics _978415 |
||
| 906 | _abanking ; Principles | ||
| 942 |
_2ddc _cBK |
||
| 999 |
_c156121 _d156121 |
||